[Event "Giraldilla de La Habana tt"]
[Site "Havana"]
[Date "2018.??.??"]
[Round "7.5"]
[White "Gil Alba, Hector Luis"]
[Black "Echevarria Cuesta, Pedro Geovany"]
[Result "1-0"]
[WhiteElo "2245"]
[BlackElo "2208"]
[PlyCount "99"]
[EventDate "2018.07.27"]
[EventType "team-tourn"]
[EventRounds "9"]
[EventCountry "CUB"]
[SourceTitle "EXT 2021"]
[Source "ChessBase"]
[SourceDate "2020.10.23"]
[SourceVersion "1"]
[SourceVersionDate "2020.10.23"]
[SourceQuality "1"]

1. e4 c5 2. Nf3 d6 3. d4 cxd4 4. Nxd4 Nf6 5. Nc3 a6 6. h4 e6 7. Be3 b5 8. f3 Bb7 9. a3 Nbd7 10. Qd2 Rc8 11. h5 h6 12. g4 Ne5 13. g5 hxg5 14. Bxg5 Be7 15. 0-0-0 Rxh5 16. Rxh5 Nxh5 17. Bxe7 Qxe7 18. f4 Ng4 19. Be2 Qh4 20. Nf3 Qg3 21. Rg1 Qxf4 22. Qxf4 Nxf4 23. Rxg4 Nxe2+ 24. Nxe2 Kf8 25. Nc3 Rc4 26. Nd2 Rc5 27. Rg3 Rh5 28. Nf3 f6 29. Nd4 Kf7 30. b4 Rh4 31. Re3 d5 32. Nf3 Rh1+ 33. Kd2 dxe4 34. Nxe4 Bxe4 35. Rxe4 Ra1 36. Re3 e5 37. Rc3 g5 38. Rc7+ Kg6 39. Rc6 Rxa3 40. Nxe5+ Kg7 41. Rc7+ Kh6 42. Ng4+ Kg6 43. Rc6 Kf5 44. Nxf6 g4 45. Nd5 g3 46. Rc8 Ke4 47. Nc3+ Kf3 48. Rf8+ Kg4 49. Rg8+ Kh3 50. Ne2 1-0